Úloha matematiky v integrovanom vyučovaní prírodovedných predmetov

Bibliographic Details
Main Authors: Krempaský, Július, 1931-2019 (Author), Horylová, Ružena, 1943- (Author)
Format: Book
Language:Slovak
PhysicalDescription:24 s. 21 cm
Published: Bratislava Metodické centrum v Bratislave 1998
ISBN:8080520372
Subjects:

MARC

LEADER 00000nam a2200000 a 4500
001 vtls001367506
003 SK-MaSNL
005 20260301070822.0
008 240315s1998 xo a r y slo
015 |a SNBA1999/10-03681 
020 |a 8080520372  |z 8080520375 
035 |a SNK000321194 
035 |a urn:nbn:sk:snk-amkjrr 
035 |a urn:nbn:sk:snk-am003cyc 
035 |a D6CA60FC-C1EE-490E-934D-A09F9491D216 
040 |a SNK  |b slo  |c SNK  |e AACR2 
041 0 |a slo 
044 |a xo  |c SK 
080 |a 51(072)  |2 1981 
100 1 |a Krempaský, Július,  |d 1931-2019  |4 aut  |9 85238 
245 1 0 |a Úloha matematiky v integrovanom vyučovaní prírodovedných predmetov  |c Július Krempaský, Ružena Horylová 
260 |a Bratislava  |b Metodické centrum v Bratislave  |c 1998 
300 |a 24 s.  |c 21 cm 
500 |a 250 výt. 
504 |a Bibliogr. s. 23 
650 0 7 |a predmety prírodovedné  |x matematika  |x vyučovanie integrované  |x príručky metodické  |2 SNK  |9 387646 
650 0 7 |a matematika  |x predmety prírodovedné  |x vyučovanie integrované  |x príručky metodické  |2 SNK  |9 387647 
655 7 |a príručky  |2 SNK  |9 74364 
700 1 |a Horylová, Ružena,  |d 1943-  |4 aut  |9 216623 
919 |a 80-8052-037-2 
958 |a TL 
958 |a NB 
958 |a BQ 
999 |c 635587  |d 637517 
952 |t P60, <09>, [BOOK], {629}  |a SNK  |b SNK  |y NEVYP  |7 0  |o snkC 501  |i snk945/990713  |0 0  |1 0  |4 0  |d 1999-07-12  |l 0  |r 2005-01-02 00:00:00  |w 2026-02-23 
952 |t P60, <03>, [BOOK], {603}  |a SNK  |b SNK  |y PREZ  |7 0  |p 17A0200225  |o snkSC 99197  |i snkKSP 7542/99  |0 0  |1 0  |4 0  |d 1999-07-12  |f 1  |l 0  |r 2025-09-18 00:00:00  |w 2026-02-23 
952 |t P60, <04>, [BOOK], {604}  |a SNK  |b SNK  |y VYP  |7 0  |p 17A0200226  |o snkSC 99197 D1  |i snkKSP 7543/99  |0 0  |1 0  |4 0  |d 1999-07-12  |l 0  |r 2005-01-02 00:00:00  |w 2026-02-23